[Event "Copenhagen Bronshoj op"]
[Site "Copenhagen"]
[Date "2015.02.06"]
[Round "1"]
[White "Jensen, Rolf"]
[Black "Nielsen, Klaus"]
[Result "0-1"]
[WhiteElo "1673"]
[BlackElo "2094"]
[PlyCount "128"]
[EventDate "2015.02.06"]
[EventType "swiss"]
[EventRounds "7"]
[EventCountry "DEN"]
[SourceTitle "EXT 2016"]
[Source "ChessBase"]
[SourceDate "2015.10.08"]
[SourceVersion "1"]
[SourceVersionDate "2015.10.08"]
[SourceQuality "1"]

1. c4 e5 2. g3 Nc6 3. Bg2 Nf6 4. a3 a5 5. Nc3 Bc5 6. Nf3 0-0 7. 0-0 Re8 8. d3 h6 9. Nd2 d6 10. Nde4 Nxe4 11. Nxe4 Bb6 12. Kh1 Bg4 13. h3 Be6 14. e3 Qd7 15. Kh2 Ne7 16. Nc3 d5 17. Qe2 c6 18. Na4 Ba7 19. b3 Rac8 20. Bd2 b6 21. Nc3 Bb8 22. Rfd1 d4 23. Na4 Ba7 24. Nb2 dxe3 25. Bxe3 c5 26. b4 Nf5 27. bxa5 bxa5 28. Bd2 Nd4 29. Qh5 Bb8 30. Rab1 a4 31. Bc3 f5 32. Rd2 f4 33. Bxd4 fxg3+ 34. fxg3 exd4 35. Nd1 Qd6 36. Qg6 Qe5 37. Rf2 Rf8 38. Rb7 Bf5 39. Rxf5 Rxf5 40. Be4 Rcf8 41. Rxb8 Rxb8 42. Qxf5 Qxf5 43. Bxf5 Rb3 44. Bd7 Rxa3 45. Bxa4 Rxa4 46. Kg2 Kf7 47. Kf3 Ke6 48. Nf2 Kd6 49. h4 Ra3 50. Ke4 Ra2 51. Nh3 Re2+ 52. Kf5 Re3 53. Nf4 Rxg3 54. h5 Rg5+ 55. Ke4 Re5+ 56. Kf3 Re3+ 57. Kg4 Ke5 58. Ng6+ Kf6 59. Nf4 Re1 60. Nd5+ Ke5 61. Ne7 Rg1+ 62. Kf3 Rg5 63. Ng6+ Rxg6 64. hxg6 Kf5 0-1